000 00950nam a22002777a 4500
003 DO-SdBNP
005 20211118120424.0
008 151111b 2005 sp || 00| 0 spa d
020 _a9788408062646
040 _aBPMSU
_bspa
_cBPMSU
082 4 _a891.623
_bL673c 2005
_222
100 1 _aLewis, Clive Staples,
_d1898-1963.
245 1 4 _aLas crónicas de Narnia :
_bEl león, la bruja y el armario /
_cC. S. Lewis ; traducción de Gemma Gallart ; ilustraciones de Pauline Baynes.
260 _aMéxico :
_bDestino,
_c2005.
_c
300 _av. ;
_c21 cm.
_b
490 0 _aLas crónicas de Narnia,
_v2
534 _aítulo original :
_tThe lion, the witch and the wardrobe.
590 _6Inventariado, 2021/VM
650 4 _aNovela juvenil irlandesa.
650 4 _aBrujas
_vNovela juvenil.
700 1 _aGallart, Gemma,
_etr.
700 1 _aBaynes, Pauline,
_eil.
740 _aEl León, la bruja y el armario
910 _aVMateo V.
942 _2ddc
_cBK
999 _c8648
_d8648